Le roman de Tristan /

Bibliographic Details
Main Author: Béroul, active 12th century
Other Authors: Braet, Herman
Format: Book
Language:French
Published: Louvain : Peeters, [1983]
Series:Ktēmata ; 1.
Subjects:

MARC

Tag First Indicator Second Indicator Subfields
LEADER 00000cam a2200000 a 4500
001 in00000007242
005 20151005060015.0
008 851114s1983 be b 00010 fre d
015 |a Be*** 
020 |a 280170217X 
035 |a (OCoLC)12795836 
035 |9 AAA1725AM 
040 |a CLU  |c CLU  |d m/c  |d TXA  |d UtOrBLW 
049 |a TXAM  |c [A12602085] 
050 4 |a PQ1537  |b .A3 1983 
100 0 |a Béroul,  |d active 12th century. 
245 1 3 |a Le roman de Tristan /  |c Béroul ; version complète en français moderne par Herman Braet. 
264 1 |a Louvain :  |b Peeters,  |c [1983] 
264 4 |c ©1983 
300 |a xiii, 120 pages ;  |c 21 cm. 
336 |a text  |b txt  |2 rdacontent 
337 |a unmediated  |b n  |2 rdamedia 
338 |a volume  |b nc  |2 rdacarrier 
490 1 |a Ktēmata ;  |v 1 
504 |a Bibliography: leaves vii-xiii. 
650 0 |a Tristan (Legendary character)  |v Romances. 
700 1 |a Braet, Herman. 
830 0 |a Ktēmata ;  |v 1. 
999 |a MARS 
999 f f |s 51cf8f7f-587a-3fa6-b6d2-602a9e9df216  |i c586699f-3634-3e86-85ca-78b435e492ff  |t 0 
952 f f |p ric  |a Texas A&M University  |b Rellis Campus  |c Joint Library Facility  |d Remote Storage  |t 0  |e PQ1537 .A3 1983  |h Library of Congress classification  |i unmediated -- volume  |m A14812602085 
998 f f |a PQ1537 .A3 1983  |t 0  |l Remote Storage